00747nam a2200241 a 4500001001300000003000900013005001700022008004100039020002400080082001700104100002500121245004600146260005000192300000900242500003500251505001800286650002400304700002500328902000800353942000700361952012000368999001700488nice12345678IN_TiNIC20260116014030.0110630s2007 cama grp 000 0 eng  a9780521688932c128200a230.046bROW aRowland, Christopher aCambridge Companion to Libration Theology aCambridge bCambridge University Press c2007 a318p aincludes index and biblioraphy2 abiblio, index aLiberation-Theology1 aRowland, Christopher bSRS cBK 001040708StackRoom-aHMIbHMId2011-06-30g1282.00l0o230.046 ROWp023640r2011-06-30v1282.00w2011-06-30yBK c13585d13585